000 00525nam a2200241Ia 4500
003 0100
008 130307s9999 xx 000 0 und d
020 _a053426316X
040 _cARRUPELIB
050 _aHM216.O44 1996
100 _aOlen, Jeffrey
245 _aApplying ethics
245 _ba text with readings
250 _a5th ed.
260 _aBelmont
260 _bWadsworth
260 _c1996
300 _axii
300 _b499p. 25 cm.
650 _aETHICS
700 _aBarry, Vincent
942 0 0 _01
999 _c93714
_d93714